000 02091nam0a2200385 4500
001 RU\NLR\BIBL_A\012795517
005 20221031122629.0
010 _a978-5-00140-841-3
_9100
021 _aRU
_bКН-П-22-009773
_9КН-П-22-0804
035 _a(NLR Aleph) 012795517
035 _a(RuMoRGB)010982010
090 _a13166342
_c13166342
100 _a20220523d2021 u y0rusy50 ca
101 0 _arus
102 _aRU
105 _aa z 000ay
181 0 _ai3
_baxxe
181 0 _ab2
_bxb2e
182 0 _an
200 1 _aЯблочный город
_eстихи и рассказы для детей
_fАнна Морковина
_g[иллюстрации: Ирина Шин]
203 _aТекст
_aИзображение
_bвизуальные
_cнепосредственные
210 _aСаратов
_cАмирит
_d2021
215 _a59 с.
_cцв. ил.
_d21
320 _aДр. произведения авт. на 4-й с. обл.
330 _aКнига Яблочный город - сборник стихов и прозы Анны Морковиной, написанных в разные годы. Произведения себе по душе найдут в нём юные читатели - от дошкольников, которым их прочтут взрослые, до подростков, которые уже давно читают самостоятельно. Наверняка и взрослый читатель получит немало удовольствия от стихотворений, прозаических миниатюр А. Морковиной и иллюстраций И. Шин
600 1 _aШин
_bИ.
_gИрина
_2nlr_sh2
_3RU\NLR\AUTH\6601711956
686 0 _aШ9(2)62=Р7я44
686 1 _aЩ153(2Р=рус)8-8Шин
700 1 _aМорковина
_bА. Ю.
_gАнна Юрьевна
702 1 _aШин
_bИ.
_gИрина
_4040
942 _cBOOK
980 _aNB